书目信息 |
| 题名: |
电工电子技术实用教程
|
|
| 作者: | 孙琳 主编 | |
| 分册: | ||
| 出版信息: | 北京 北京交通大学出版社 2008.01 |
|
| 页数: | 327页 | |
| 开本: | 26cm | |
| 丛书名: | 21世纪高职高专规划教材·机电系列 | |
| 单 册: | ||
| 中图分类: | TM | |
| 科图分类: | ||
| 主题词: | 电工技术--dian gong ji shu--高等学校--教材 , 电子技术--dian zi ji shu--高等学校--教材 | |
| 电子资源: | ||
| ISBN: | 978-7-81123-162-5 | |
| 000 | 01075nam 2200277 450 | |
| 001 | 012008482738 | |
| 005 | 20080610172301.54 | |
| 010 | @a978-7-81123-162-5@dCNY29.00 | |
| 100 | @a20080610d2008 em y0chiy0120 ea | |
| 101 | 0 | @achi |
| 102 | @aCN@b110000 | |
| 105 | @aak a 000yy | |
| 106 | @ar | |
| 200 | 1 | @a电工电子技术实用教程@Adian gong dian zi ji shu shi yong jiao cheng@f孙琳主编@Fsun lin zhu bian |
| 210 | @a北京@c北京交通大学出版社@c清华大学出版社@d2008.01 | |
| 215 | @a327页@c图@d26cm | |
| 225 | 2 | @a21世纪高职高专规划教材·机电系列@A21 shi ji gao zhi gao zhuan gui hua jiao cai·ji dian xi lie |
| 320 | @a有书目 | |
| 330 | @a本书涉及电工、模拟、数字三门课程内容,共分十一章,介绍了直流电路、正弦交流电路、磁路与变压器、异步电动机、工业企业供配电及安全用电等内容。 | |
| 410 | 0 | @12001 @a21世纪高职高专规划教材·机电系列 |
| 606 | 0 | @a电工技术@Adian gong ji shu@x高等学校@j教材 |
| 606 | 0 | @a电子技术@Adian zi ji shu@x高等学校@j教材 |
| 690 | @aTM@v4 | |
| 701 | 0 | @a孙琳@Asun lin@4主编 |
| 801 | 0 | @aCN@bQSSK@c20080610 |
| 905 | @b725492-94@dTM@eS935@f3 | |
| 电工电子技术实用教程/孙琳主编.-北京:北京交通大学出版社:清华大学出版社,2008.01 |
| 327页:图;26cm.-(21世纪高职高专规划教材·机电系列) |
| ISBN 978-7-81123-162-5:CNY29.00 |
| 本书涉及电工、模拟、数字三门课程内容,共分十一章,介绍了直流电路、正弦交流电路、磁路与变压器、异步电动机、工业企业供配电及安全用电等内容。 |
| ● |
| 相关链接 |
|
|
|
正题名:电工电子技术实用教程
索取号:TM/S935
 
预约/预借
| 序号 | 登录号 | 条形码 | 馆藏地/架位号 | 状态 | 备注 |
| 1 | 725492 | 207254923 | 自科库301/301自科库 1排4列1层/ [索取号:TM/S935] | 在馆 | |
| 2 | 725493 | 207254932 | 自科库301/301自科库 1排2列3层/ [索取号:TM/S935] | 在馆 | |
| 3 | 725494 | 207254941 | 自科库301/301自科库 1排4列1层/ [索取号:TM/S935] | 在馆 |